[Event "Suwalki Elo op"]
[Site "Suwalki"]
[Date "2008.01.23"]
[Round "5"]
[White "Brzek, Damian"]
[Black "Barmuta, Bartosz"]
[Result "0-1"]
[WhiteElo "1800"]
[BlackElo "1800"]
[PlyCount "114"]
[EventDate "2008.01.21"]
[EventType "swiss"]
[EventRounds "9"]
[EventCountry "POL"]
[SourceTitle "EXT 2010"]
[Source "ChessBase"]
[SourceDate "2010.11.25"]
[SourceVersion "1"]
[SourceVersionDate "2010.11.25"]
[SourceQuality "1"]

1. d4 Nf6 2. c4 c5 3. Nf3 e6 4. e3 b6 5. b3 Bb7 6. Bb2 Be7 7. Nbd2 0-0 8. Bd3 d5 9. Qc2 Nbd7 10. h3 Qc7 11. Rc1 Rac8 12. cxd5 exd5 13. 0-0 Rfe8 14. Ne5 h6 15. Bf5 Bd6 16. Nxd7 Nxd7 17. dxc5 bxc5 18. Nf3 Rcd8 19. Bh7+ Kh8 20. Bf5 Be7 21. Bxd7 Rxd7 22. Ne5 Bd6 23. Nxd7 Qxd7 24. Qd1 Qe7 25. Qg4 f6 26. Rfd1 Bc8 27. Qh5 Bb7 28. Rc2 d4 29. Re2 Qe4 30. f3 Qe7 31. e4 Ba6 32. Red2 Bf4 33. Rc2 Be3+ 34. Kh1 d3 35. Rc3 Bd4 36. Rcxd3 Bxd3 37. Bxd4 cxd4 38. Rxd3 Rd8 39. Qa5 Qd7 40. Qc5 a6 41. Qc4 Qd6 42. b4 Qb6 43. a4 Qd6 44. b5 axb5 45. axb5 Qb6 46. Qc6 Qb8 47. b6 Rc8 48. Qa4 Rc1+ 49. Rd1 Rxd1+ 50. Qxd1 Qxb6 51. f4 Qc5 52. Kg1 d3+ 53. Kf1 Qe3 54. Qf3 Qc1+ 55. Kf2 d2 56. Qh5 Qe1+ 57. Kf3 d1Q# 0-1

[Event "Suwalki Elo op"]
[Site "Suwalki"]
[Date "2008.01.23"]
[Round "8"]
[White "Galaszewski, Patryk"]
[Black "Brzek, Damian"]
[Result "1-0"]
[WhiteElo "1734"]
[BlackElo "1800"]
[PlyCount "105"]
[EventDate "2008.01.21"]
[EventType "swiss"]
[EventRounds "9"]
[EventCountry "POL"]
[SourceTitle "EXT 2010"]
[Source "ChessBase"]
[SourceDate "2010.11.25"]
[SourceVersion "1"]
[SourceVersionDate "2010.11.25"]
[SourceQuality "1"]

1. d4 Nf6 2. c4 g6 3. Nc3 Bg7 4. e4 d6 5. f3 0-0 6. Be3 Nbd7 7. Bd3 c6 8. Nge2 a6 9. a4 b6 10. Qd2 c5 11. 0-0 Bb7 12. d5 Ne5 13. h3 Nfd7 14. f4 Nxd3 15. Qxd3 Nb8 16. Rab1 a5 17. Na2 Na6 18. b3 Bc8 19. Ng3 Bd7 20. Kh1 Qc8 21. Rbe1 Nb4 22. Nxb4 axb4 23. Bd2 Qc7 24. Qe2 Rfe8 25. e5 Qb7 26. Kh2 e6 27. Ne4 dxe5 28. Nd6 Qc7 29. Nxe8 Rxe8 30. d6 Qxd6 31. fxe5 Qc7 32. Bf4 Bc6 33. Rd1 h6 34. Rd6 Bf8 35. Rd2 g5 36. Bg3 Bg7 37. Qe3 Qb7 38. Qf2 Qc7 39. Qe3 Qb7 40. Qe2 Qc7 41. Rfd1 Bh8 42. Rd6 Bg7 43. Qd2 Bf8 44. Rd8 Re7 45. Qd6 Qb7 46. Rb8 Re8 47. Rxb7 Bxd6 48. Rxb6 Be4 49. exd6 Bc2 50. Rd2 Bxb3 51. d7 Rd8 52. Bc7 Bxc4 53. Bxd8 1-0

[Event "Suwalki Elo op"]
[Site "Suwalki"]
[Date "2008.01.22"]
[Round "3"]
[White "Brzek, Damian"]
[Black "Pietruszewski, Marcin"]
[Result "0-1"]
[WhiteElo "1800"]
[BlackElo "1886"]
[PlyCount "86"]
[EventDate "2008.01.21"]
[EventType "swiss"]
[EventRounds "9"]
[EventCountry "POL"]
[SourceTitle "EXT 2010"]
[Source "ChessBase"]
[SourceDate "2010.11.25"]
[SourceVersion "1"]
[SourceVersionDate "2010.11.25"]
[SourceQuality "1"]

1. d4 d5 2. c4 c6 3. Nc3 Nf6 4. Nf3 dxc4 5. e3 b5 6. a4 b4 7. Na2 e6 8. Bd2 a5 9. Bxc4 Nbd7 10. Qc2 Be7 11. Nc1 0-0 12. Nd3 Nb6 13. Bb3 Bb7 14. Nde5 Rc8 15. Ng5 Nbd5 16. e4 Nc7 17. Nexf7 Rxf7 18. e5 Qxd4 19. exf6 Bxf6 20. Nxf7 Kxf7 21. 0-0 Qxb2 22. Rac1 Qxc2 23. Rxc2 Nd5 24. Rc5 Bd8 25. Re1 Bb6 26. Rc4 Rc7 27. Bc2 c5 28. Bxh7 Nf6 29. Rf4 g5 30. Bg8+ Kg7 31. Rxf6 Kxf6 32. Rxe6+ Kg7 33. Rxb6 Kxg8 34. Rg6+ Kf7 35. Rh6 Rd7 36. Kf1 Bxg2+ 37. Kxg2 Rxd2 38. Ra6 c4 39. Rxa5 b3 40. Rb5 Ra2 41. a5 b2 42. a6 c3 43. a7 Rxa7 0-1